Arráncame la vida
Salvato in:
| Autore principale: | |
|---|---|
| Natura: | Libro |
| Lingua: | spagnolo |
| Pubblicazione: |
Buenos Aires
Espasa-Calpe
1996
|
| Edizione: | 3a. ed |
| Serie: | De Bolsillo
|
| Soggetti: | |
| Tags: |
Aggiungi Tag
Nessun Tag, puoi essere il primo ad aggiungerne!!
|
MARC
| LEADER | 00000nam a2200000 a 4500 | ||
|---|---|---|---|
| 001 | UCH6933 | ||
| 003 | CL-VaPUC | ||
| 008 | 091109e19960000AG |||||||||||||||||spa|d | ||
| 020 | |a 9508520574 | ||
| 082 | 0 | 4 | |a Me863 |b MAS |2 21 |
| 100 | |a Mastretta, Ángeles |e autora |9 543493 | ||
| 245 | 1 | 0 | |a Arráncame la vida |
| 250 | |a 3a. ed | ||
| 300 | |a 238 p | ||
| 942 | |c BK | ||
| 945 | |d 20091109 00:00:00 |a lazolas | ||
| 260 | |a Buenos Aires |b Espasa-Calpe |c 1996 | ||
| 650 | 0 | |a Literatura mexicana |9 313097 | |
| 650 | 0 | |a Novelas mexicanas |9 317570 | |
| 583 | |a last modification |c 20091109 00:00:00 |k Rodrigo Vera | ||
| 490 | 0 | |a De Bolsillo | |
| 999 | |c 337728 |d 337726 | ||